Emmy Nominees for Supporting Actress-Drama (1980- ) Quiz Stats

 Plays Quiz not verified by Sporcle

Support Sporcle.
Go Orange.
Score 0/221 Timer 15:00
1 Play Today
Year Actress % Correct
2016MAGGIE SMITH
97.1%
2014Maggie Smith
95.7%
2012MAGGIE SMITH
94.8%
2013Maggie Smith
94.8%
2020Laura Dern
94%
2020Thandie Newton
94%
2020Meryl Streep
91.7%
2000ALLISON JANNEY
91.3%
2001ALLISON JANNEY
91.3%
2014ANNA GUNN
91.2%
2015Christine Baranski
91%
2018Millie Bobby Brown
90.8%
2005Sandra Oh
90.2%
2006Sandra Oh
90.2%
2007Sandra Oh
90.2%
2008Sandra Oh
90.2%
2009Sandra Oh
90.2%
2014Christine Baranski
89.8%
2017Uzo Aduba
89.7%
2018THANDIE NEWTON
89.6%
2012Anna Gunn
89.4%
2013ANNA GUNN
89.4%
2014Christina Hendricks
89.4%
2019Lena Headey
89.3%
2020Helena Bonham Carter
89.3%
2010Christina Hendricks
88.7%
2011Christina Hendricks
88.7%
2012Christina Hendricks
88.7%
2013Christina Hendricks
88.7%
2020JULIA GARNER
88.1%
2017Millie Bobby Brown
88%
2017Thandie Newton
88%
2019Sophie Turner
87.9%
2015Christina Hendricks
87.9%
2010Elisabeth Moss
87.8%
2015UZO ADUBA
87.4%
2010Christine Baranski
87.4%
2011Christine Baranski
87.4%
2012Christine Baranski
87.4%
2013Christine Baranski
87.4%
2018Lena Headey
86.4%
2007KATHERINE HEIGL
86.3%
2009CHERRY JONES
85.4%
2018Ann Dowd
85.2%
2016Emila Clarke
84.8%
1995JULIANNA MARGULIES
84.7%
1996Julianna Margulies
84.7%
2017ANN DOWD
84.3%
2015Emilia Clarke
84.2%
2016Lena Headey
84.2%
2000Stockard Channing
84%
2001Stockard Channing
84%
2002STOCKARD CHANNING
84%
2003Stockard Channing
84%
2004Stockard Channing
84%
2005Stockard Channing
84%
2016Maura Tierney
83.6%
2019Maisie Williams
83.5%
1995Tyne Daly
83.4%
1996TYNE DALY
83.4%
2000Tyne Daly
83.4%
2001Tyne Daly
83.4%
2002Tyne Daly
83.4%
2003TYNE DALY
83.4%
2004Tyne Daly
83.4%
2005Tyne Daly
83.4%
2019JULIA GARNER
82.6%
2015Lena Headey
82.2%
2014Lena Headey
81.2%
2010ARCHIE PANJABI
80.1%
2011Archie Panjabi
80.1%
2012Archie Panjabi
80.1%
2009Rose Byrne
79.8%
2010Rose Byrne
79.8%
Year Actress % Correct
2020Samira Wiley
79.8%
2013Emilia Clarke
79.7%
2019Fiona Shaw
79.5%
2003Rachel Griffiths
79.4%
2007Rachel Griffiths
79.4%
2008Rachel Griffiths
79.4%
2007Lorraine Bracco
79.3%
2018Alexis Bledel
78.8%
2016Maisie Williams
78.6%
2006Chandra Wilson
78.6%
2007Chandra Wilson
78.6%
2008Chandra Wilson
78.6%
2009Chandra Wilson
78.6%
2020Fiona Shaw
77.4%
2002Lauren Ambrose
75.3%
2003Lauren Ambrose
75.3%
2017Chrissy Metz
75%
1993Kellie Martin
74.9%
2004DREA DE MATTEO
74.5%
2015Joanne Froggatt
74.1%
2011MARGO MARTINDALE
74%
2019Gwendoline Christie
72.8%
2017Samira Wiley
72.7%
2006Candice Bergen
72.1%
2008Candice Bergen
72.1%
2014Joanne Froggatt
72%
2018Yvonne Strahovski
72%
2001Maura Tierney
71.9%
2010Sharon Gless
71.5%
2020Sarah Snook
71.4%
2008DIANNE WIEST
70.9%
2009Dianne Wiest
70.9%
2016Constance Zimmer
70.7%
2005BLYTHE DANNER
70.6%
2006BLYTHE DANNER
70.6%
2013Morena Baccarin
70.2%
2011Kelly Macdonald
69.9%
1980NANCY MARCHAND
69.6%
1981NANCY MARCHAND
69.6%
1982NANCY MARCHAND
69.6%
1999Nancy Marchand
69.6%
2000Nancy Marchand
69.6%
1998CAMRYN MANHEIM
69.5%
1999Camryn Manheim
69.5%
1997KIM DELANEY
68.5%
1998Kim Delaney
68.5%
1999Kim Delaney
68.5%
2018Vanessa Kirby
68%
1997Della Reese
66.8%
1998Della Reese
66.8%
2002Mary-Louise Parker
66.7%
2012Joanne Froggatt
66%
1990MARG HELGENBERGER
65.1%
1991Marg Helgenberger
65.1%
1992Marg Helgenberger
65.1%
1988PATRICIA WETTIG
64.7%
2001Aida Turturro
63.9%
2007Aida Turturro
63.9%
1999HOLLAND TAYLOR
63.7%
2000Holland Taylor
63.7%
1997Laura Innes
62.9%
1998Laura Innes
62.9%
2002Janel Moloney
62.9%
2003Lena Olin
62.9%
2004Janel Moloney
62.9%
1984ALFRE WOODARD
61.2%
1997CCH Pounder
60.8%
2005CCH Pounder
60.8%
2009Hope Davis
60%
1999Lara Flynn Boyle
59.6%
1994Jill Eikenberry
58.8%
2006Jean Smart
58.3%
1994Sharon Lawrence
57.8%
1995Sharon Lawrence
57.8%
Year Actress % Correct
1996Sharon Lawrence
57.8%
1984Piper Laurie
57%
1991Piper Laurie
57%
1983DORIS ROBERTS
55.9%
1985Doris Roberts
55.9%
1994Amy Brenneman
55.9%
1997Gloria Reuben
55.1%
1998Gloria Reuben
55.1%
1982Betty Thomas
55%
1983Betty Thomas
55%
1984Betty Thomas
55%
1985BETTY THOMAS
55%
1986Betty Thomas
55%
1987Betty Thomas
55%
2011Michelle Forbes
55%
1981Bethy Thomas
54.6%
1983Christina Pickles
52.3%
1985Christina Pickles
52.3%
1986Christina Pickles
52.3%
1987Christina Pickles
52.3%
1988Christina Pickles
52.3%
1990Sherilyn Fenn
52.3%
2004Robin Weigert
51.6%
1981Barbara Barrie
51.5%
1992Barbara Barrie
51.5%
1983Madge Sinclair
50.7%
1984Madge Sinclair
50.7%
1985Madge Sinclair
50.7%
1991MADGE SINCLAIR
50.7%
1994Gail O'Grady
50.7%
1995Gail O'Grady
50.7%
1996Gail O'Grady
50.7%
1989MELANIE MAYRON
50.3%
1990Melanie Mayron
50.3%
1991Melanie Mayron
50.3%
1981Barbara Bosson
50.1%
1982Barbara Bosson
50.1%
1983Barbara Bosson
50.1%
1984Barbara Bosson
50.1%
1985Barbara Bosson
50.1%
1996Barbara Bosson
50.1%
1995Barbara Babcock
49.6%
1986Allyce Beasley
49.1%
1987Allyce Beasley
49.1%
1992Mary Alice
47.3%
1993MARY ALICE
47.3%
1982Julie Harris
47.2%
1986BONNIE BARTLETT
47%
1987BONNIE BARTLETT
47%
1988Bonnie Bartlett
47%
1987Susan Ruttan
46.7%
1988Susan Ruttan
46.7%
1989Susan Ruttan
46.7%
1990Susan Ruttan
46.7%
1994LEIGH TAYLOR-YOUNG
46.5%
1992VALERIE MAHAFFEY
43.6%
1990Diana Muldaur
43.1%
1991Diana Muldaur
43.1%
1992Conchatta Ferrell
42.5%
1980Linda Kelsey
42%
1981Linda Kelsey
42%
1982Linda Kelsey
42%
1989Michele Greene
41.9%
1989Amanda Plummer
41.5%
1988Polly Draper
39.6%
1980Jessica Walter
38.5%
1989Lois Nettleton
37.6%
1993Peg Phillips
36.8%
1992Cynthia Geary
36.7%
1992Kay Lenz
36.7%
1993Cynthia Geary
36.7%
1993Kay Lenz
36.7%
1980Nina Foch
36.1%

You're not logged in!

Compare scores with friends on all Sporcle quizzes.
OR
Log In

From the Vault

Odd But True Facts XI

by babymonkee

Between 2003 and 2015, 9,000 Americans lost fingers in...? Hint, it wasn't a panda.
Remove Ads.
Support Sporcle.
Get the best of Sporcle when you Go Orange. This ad-free experience offers more features, more stats, and more fun while also helping to support Sporcle. Thank you for becoming a member.

Show Comments

Extras

Top Quizzes Today


Score Distribution

Your Account Isn't Verified!

In order to create a playlist on Sporcle, you need to verify the email address you used during registration. Go to your Sporcle Settings to finish the process.

Report this User

Report this user for behavior that violates our Community Guidelines.

Details: